Alfie gets in first. Shirley Hughes (Record no. 417)

MARC details
000 -LEADER
fixed length control field 00210 a2200097 4500
020 ## - INTERNATIONAL STANDARD BOOK NUMBER
International Standard Book Number 9781862307834
100 ## - MAIN ENTRY--PERSONAL NAME
Personal name Hughes
245 ## - TITLE STATEMENT
Title Alfie gets in first. Shirley Hughes
260 ## - PUBLICATION, DISTRIBUTION, ETC.
Name of publisher, distributor, etc. Red Fox
Date of publication, distribution, etc. 2009
942 ## - ADDED ENTRY ELEMENTS (KOHA)
Source of classification or shelving scheme Dewey Decimal Classification
Koha item type
Holdings
Withdrawn status Lost status Damaged status Not for loan Collection Home library Current library Shelving location Date acquired Barcode Date last seen Price effective from Koha item type
        Reference Centerville Centerville General stacks 12/04/2014 39999000018417 12/04/2014 12/04/2014 Books
        Reference Fairview Fairview General stacks 12/04/2014 39999000018431 12/04/2014 12/04/2014 Books
        Reference Midway Midway General stacks 12/04/2014 39999000018455 12/04/2014 12/04/2014 Books